| 000 | 00669nam a2200181 a 4500 | ||
|---|---|---|---|
| 005 | 20140412111305.0 | ||
| 008 | 000818s19uu xx 00 eng d | ||
| 020 | _a0-06-024586-7 | ||
| 050 |
_aTR(PS E _bIf1 1985 |
||
| 100 | _aNumeroff, Laura Joffe. | ||
| 245 |
_aIf you give a mouse a cookie / _cLaura Joffe Numeroff ; illustrated by Felicia Bond. |
||
| 260 |
_bHarperCollins Publishers, _c1985. |
||
| 300 | _a1 v. (unp.) ; ill. | ||
| 520 | _aRelating the cycle of requests a a mouse is likely to make after you give him a cookie takes the reader through a young boy's day. | ||
| 650 | _aChildren's stories, American | ||
| 650 | _aMice-Fiction | ||
| 999 |
_c103629 _d103629 |
||